[Event "Barquisimeto Divina Pastora op"]
[Site "Barquisimeto"]
[Date "2019.01.19"]
[Round "3"]
[White "Guedez Mendoza, Eliam De Jesus"]
[Black "Guedez Colombo, Ilych Javier"]
[Result "1/2-1/2"]
[WhiteElo "1079"]
[BlackElo "1777"]
[PlyCount "84"]
[EventDate "2019.01.18"]
[EventType "swiss"]
[EventRounds "5"]
[EventCountry "VEN"]
[SourceTitle "EXT 2021"]
[Source "ChessBase"]
[SourceDate "2020.10.23"]
[SourceVersion "1"]
[SourceVersionDate "2020.10.23"]
[SourceQuality "1"]

1. d4 Nf6 2. c4 e6 3. g3 Bb4+ 4. Bd2 a5 5. Bg2 0-0 6. a3 Bxd2+ 7. Nxd2 d6 8. Ngf3 Nc6 9. 0-0 Qe7 10. e4 e5 11. d5 Nb8 12. b4 Nbd7 13. Qc2 b6 14. Rfc1 Bb7 15. Ne1 c5 16. dxc6 Bxc6 17. Nd3 a4 18. c5 dxc5 19. bxc5 Rfc8 20. cxb6 Nxb6 21. Qc5 Qxc5 22. Rxc5 Nbd7 23. Rc3 Bb5 24. Rac1 Rxc3 25. Rxc3 Bxd3 26. Rxd3 Kf8 27. f3 Rc8 28. Bh3 Rc1+ 29. Kf2 Ke7 30. Bxd7 Nxd7 31. Nf1 Rc2+ 32. Nd2 Nc5 33. Rd5 Nb3 34. Ke3 Nxd2 35. Rxd2 Rc3+ 36. Rd3 Rc5 37. Kd2 f6 38. Rc3 Kd6 39. Rd3+ Kc7 40. Rc3 Kb6 41. Rxc5 Kxc5 42. Kc3 g5 1/2-1/2

[Event "Barquisimeto Steinitz Memorial"]
[Site "Barquisimeto"]
[Date "2017.08.20"]
[Round "5"]
[White "Guedez Colombo, Ilych Javier"]
[Black "Molina, Rosa Maria"]
[Result "0-1"]
[WhiteElo "1582"]
[BlackElo "1676"]
[PlyCount "58"]
[EventDate "2017.08.18"]
[EventType "swiss"]
[EventRounds "6"]
[EventCountry "VEN"]
[SourceTitle "CBM 180 Extra"]
[Source "ChessBase"]
[SourceDate "2017.10.06"]
[SourceVersion "1"]
[SourceVersionDate "2017.10.06"]
[SourceQuality "1"]

1. d4 Nf6 2. c4 e6 3. Nc3 d5 4. Bg5 Be7 5. Nf3 Nbd7 6. e3 b6 7. Rc1 Bb7 8. Qc2 h6 9. Bh4 Rc8 10. cxd5 exd5 11. Bd3 c5 12. 0-0 c4 13. Bf5 g5 14. Bg3 a6 15. e4 dxe4 16. Nxe4 Nxe4 17. Bxe4 Bxe4 18. Qxe4 Nf6 19. Qe2 b5 20. Rfe1 Rc6 21. Be5 Re6 22. Qc2 Bb4 23. Re2 0-0 24. h4 g4 25. Nh2 h5 26. Qf5 Rfe8 27. Rd1 Nd7 28. Nxg4 hxg4 29. Qxg4+ Rg6 0-1